The prodigal's brother. (Record no. 7402)

000 -LEADER
fixed length control field 00534nam a2200181 a 4500
001 - CONTROL NUMBER
control field :::00005163$&:&@@
003 - CONTROL NUMBER IDENTIFIER
control field OkBaRHE
005 - DATE AND TIME OF LATEST TRANSACTION
control field 20000607103323.0
008 - FIXED-LENGTH DATA ELEMENTS--GENERAL INFORMATION
fixed length control field s1941 j 000 0 eng u
040 ## - CATALOGING SOURCE
Transcribing agency
100 1# - MAIN ENTRY--PERSONAL NAME
Personal name Bostrom, John H.
245 14 - TITLE STATEMENT
Title The prodigal's brother.
260 ## - PUBLICATION, DISTRIBUTION, ETC. (IMPRINT)
Place of publication, distribution, etc San Gabriel, CA., :
Name of publisher, distributor, etc John H. Bostrom
Date of publication, distribution, etc c1941
300 ## - PHYSICAL DESCRIPTION
Extent 27 p. ;
Dimensions 19 cm.
650 ## - SUBJECT ADDED ENTRY--TOPICAL TERM
Topical term or geographic name as entry element Jesus Christ Parables
942 ## - ADDED ENTRY ELEMENTS (KOHA)
Source of classification or shelving scheme
Koha item type Books
Copies
Lost status Not for loan Source of classification or shelving scheme Withdrawn status Date acquired Koha item type Shelving location Barcode Damaged status Copy number Full call number Date last seen Permanent Location Price effective from
    2010-04-14BooksGeneral Stacks5163 1BT 378 .P8B62010-04-14RHEMA Bible Training College2010-04-14